000
00408nam a2200145Ia 4500
008
100204s9999 xx 000 0 und d
082
_b
8612
100
_a
काळे वैजयंती
245
_a
तडा
260
_b
"राजेंद्र पब्लिकेशन्स , पुणे 30"
_c
1986
300
_a
158
630
_a
तडा
730
_a
तडा
942
_c
BOOK
999
_c
453048
_d
453045